书目信息 |
| 题名: |
钧天广乐
|
|
| 作者: | 肖东发 主编 ;陈书媛 编著 | |
| 分册: | ||
| 出版信息: | 北京 现代出版社 2021.5 |
|
| 页数: | 152页 | |
| 开本: | 23cm | |
| 丛书名: | 中华精神家园 | |
| 单 册: | ||
| 中图分类: | J605.2 | |
| 科图分类: | ||
| 主题词: | 音乐名作--音乐欣赏--中国--古代 | |
| 电子资源: | ||
| ISBN: | 978-7-5143-2457-0 | |
| 000 | 01129nam0 2200301 45 | |
| 001 | 012001001721 | |
| 005 | 20141011102531.0 | |
| 010 | @a978-7-5143-2457-0@dCNY29.80 | |
| 100 | @a20150429d2014 em y0chiy50 ea | |
| 101 | 0 | @achi |
| 102 | @aCN@b110000 | |
| 105 | @aa z 000yy | |
| 106 | @ar | |
| 200 | 1 | @a钧天广乐@Ajun tian guang le@b专著@e古代十大名曲与内涵@f肖东发主编@g陈书媛编著 |
| 210 | @a北京@c现代出版社@d2021.5 | |
| 215 | @a152页@c图@d23cm | |
| 225 | 1 | @a中华精神家园@i歌舞共娱 |
| 300 | @a其他题名:古代十大名曲与内涵 | |
| 330 | @a本书主要内容包括:天籁之音——高山流水,鸿鹄之志——平沙落雁,傲骨气韵——梅花三弄,余音绕梁——汉宫秋月,千古绝唱——胡笳十八拍,清耳悦心——春江花月夜、浩然正气——广陵散,慷慨悲歌——十面埋伏等。 | |
| 461 | 0 | @12001 @a中华精神家园 |
| 462 | 0 | @12001 @a歌舞共娱 |
| 517 | 1 | @a古代十大名曲与内涵@Agu dai shi da ming qu yu nei han |
| 606 | 0 | @a音乐名作@x音乐欣赏@y中国@z古代 |
| 690 | @aJ605.2@v5 | |
| 701 | 0 | @a肖东发@Axiao dong fa@f(1949.11 )@4主编 |
| 702 | 0 | @a陈书媛@Achen shu yuan@4编著 |
| 801 | 2 | @aCN@b江苏凤凰@c20211018 |
| 905 | @b1345457-60@dJ605.2@e1362@f4 | |
| 钧天广乐:古代十大名曲与内涵/肖东发主编/陈书媛编著.-北京:现代出版社,2021.5 |
| 152页:图;23cm.-(中华精神家园.歌舞共娱) |
| 其他题名:古代十大名曲与内涵 |
| ISBN 978-7-5143-2457-0:CNY29.80 |
| 本书主要内容包括:天籁之音——高山流水,鸿鹄之志——平沙落雁,傲骨气韵——梅花三弄,余音绕梁——汉宫秋月,千古绝唱——胡笳十八拍,清耳悦心——春江花月夜、浩然正气——广陵散,慷慨悲歌——十面埋伏等。 |
| ● |
| 相关链接 |
|
|
|
|
正题名:钧天广乐
索取号:J605.2/1362
 
预约/预借
| 序号 | 登录号 | 条形码 | 馆藏地/架位号 | 状态 | 备注 |
| 1 | 1345457 | 213454572 | 第一样本阅览室/ [索取号:J605.2/1362] | 在馆 | |
| 2 | 1345458 | 213454581 | 第一借阅区/ [索取号:J605.2/1362] | 在馆 | |
| 3 | 1345459 | 213454590 | 第一借阅区/ [索取号:J605.2/1362] | 在馆 | |
| 4 | 1345460 | 213454607 | 第一借阅区/ [索取号:J605.2/1362] | 在馆 |